000 00673cab a2200229 4500
001 WB2746-38
008 090401t1991 xxu||||| |||| 00| 0 eng d
035 _a(Sirsi) u50522
041 _aeng
245 _aUBR phasing arrangements
260 _c1991
350 _a0
490 _aDoE News Release
_v(745) 26 November 1991 (2)
520 _aThe Government has announced that the transitional arrangements for businesses that gained from UBR will be accelerated in 1992.
650 _aPHASING
650 _aTRANSITIONAL ARRANGEMENTS
650 _aUBR
650 _aUNIFORM BUSINESS RATE
690 _aRATING AND VALUATION
942 _n0
948 _c04/03/1997
999 _c31529
_d31529